000 00344nam a22001457a 4500
003 OSt
005 20220216145428.0
008 220216b |||||||| |||| 00| 0 eng d
020 _a0070512280
040 _cH U
082 _23rd
_a629.83
100 _aRaven Francis H.
_930703
245 _aAutomatic Control Engineering
942 _2ddc
_cBOOKS
_n0
999 _c30618
_d30618